000 00504pab a2200181 454500
008 180718b2006 xxu||||| |||| 00| 0 eng d
100 _aRani, P. Geetha
245 _aEconomic reforms and the weak-link in the changing financing strategy of higher education in India
260 _c2006
300 _ap.321-40.
362 _aDec
650 _aHigher education - India
650 _aEconomic reform - India
650 _aEconomic reform
773 _aArtha Vijnana
908 _aN
909 _a76351
999 _c76351
_d76351